[Event "Huelva 3rd"]
[Site "Huelva"]
[Date "2023.12.30"]
[Round "8"]
[White "Ribeiro, Rodrigo"]
[Black "Ladron de Guevara Pinto, Paolo"]
[Result "1/2-1/2"]
[WhiteElo "2126"]
[BlackElo "2397"]
[PlyCount "38"]
[EventDate "2023.12.26"]
[EventType "tourn"]
[EventRounds "9"]
[EventCountry "ESP"]
[EventCategory "2"]
[SourceTitle "CB01_2024"]
[SourceDate "2024.01.03"]
[SourceVersion "1"]
[SourceVersionDate "2024.01.03"]
[SourceQuality "1"]

1. d4 g6 2. c4 Bg7 3. Nc3 d6 4. e4 e5 5. d5 a5 6. Bd3 h5 7. Nge2 h4 8. h3 Nd7 9. Be3 Bh6 10. Qd2 Bxe3 11. Qxe3 Ngf6 12. Bc2 Nh5 13. Ba4 Kf8 14. Bxd7 Bxd7 15. 0-0 g5 16. f3 b6 17. a4 Rg8 18. Nd1 Rg6 19. Nf2 Kg7 1/2-1/2

[Event "Huelva 3rd"]
[Site "Huelva"]
[Date "2023.12.28"]
[Round "4"]
[White "Fecker, Noah"]
[Black "Ladron de Guevara Pinto, Paolo"]
[Result "1/2-1/2"]
[WhiteElo "2396"]
[BlackElo "2397"]
[PlyCount "51"]
[EventDate "2023.12.26"]
[EventType "tourn"]
[EventRounds "9"]
[EventCountry "ESP"]
[EventCategory "2"]
[SourceTitle "CB01_2024"]
[SourceDate "2024.01.03"]
[SourceVersion "1"]
[SourceVersionDate "2024.01.03"]
[SourceQuality "1"]

1. e4 e5 2. Nf3 Nc6 3. Bb5 a6 4. Ba4 d6 5. c3 Bd7 6. 0-0 Nge7 7. d4 Ng6 8. d5 Nb8 9. Bxd7+ Nxd7 10. c4 Be7 11. Nc3 0-0 12. Be3 c5 13. dxc6 bxc6 14. Qc2 Qc7 15. Rfd1 Rfb8 16. Ne1 Ngf8 17. Nd3 Nc5 18. Nxc5 dxc5 19. Na4 Ne6 20. b3 Nd4 21. Bxd4 cxd4 22. Nb2 c5 23. Rf1 Bd6 24. g3 a5 25. Qd2 Re8 26. Rae1 1/2-1/2

[Event "Huelva 3rd"]
[Site "Huelva"]
[Date "2023.12.26"]
[Round "1"]
[White "Ladron de Guevara Pinto, Paolo"]
[Black "Kukelko, Alexey"]
[Result "1/2-1/2"]
[WhiteElo "2397"]
[BlackElo "2354"]
[PlyCount "33"]
[EventDate "2023.12.26"]
[EventType "tourn"]
[EventRounds "9"]
[EventCountry "ESP"]
[EventCategory "2"]
[SourceTitle "CB01_2024"]
[SourceDate "2024.01.03"]
[SourceVersion "1"]
[SourceVersionDate "2024.01.03"]
[SourceQuality "1"]

1. e4 c5 2. Nf3 d6 3. Bb5+ Nd7 4. a4 Ngf6 5. Nc3 e6 6. 0-0 Be7 7. Re1 0-0 8. d4 cxd4 9. Nxd4 Qc7 10. Bf1 a6 11. a5 Rd8 12. Nb3 b5 13. axb6 Nxb6 14. Bd3 e5 15. Nd5 Nfxd5 16. exd5 f5 17. Na5 1/2-1/2

[Event "Titled Tuesday intern op 05th Sep Late"]
[Site "Chess.com INT"]
[Date "2023.09.05"]
[Round "2"]
[White "Ladron de Guevara Pinto, Paolo"]
[Black "Sjugirov, Sanan"]
[Result "0-1"]
[WhiteElo "2403"]
[BlackElo "2705"]
[PlyCount "70"]
[EventDate "2023.09.05"]
[EventType "swiss (blitz)"]
[EventRounds "11"]
[EventCountry "USA"]
[SourceTitle "EXT 2024"]
[Source "ChessBase"]
[SourceDate "2023.10.10"]
[SourceVersion "1"]
[SourceVersionDate "2023.10.10"]
[SourceQuality "1"]

1. e4 c5 2. Nf3 d6 3. d4 cxd4 4. Nxd4 Nf6 5. Nc3 a6 6. g3 e5 7. Nb3 Be7 8. Bg5 Nbd7 9. Qd2 b5 10. Bxf6 Nxf6 11. Bg2 Bb7 12. 0-0 0-0 13. a4 b4 14. Nd5 Nxd5 15. exd5 a5 16. c3 bxc3 17. Qxc3 Qb6 18. Nd2 Ba6 19. Rfc1 Rfc8 20. Qb3 Rcb8 21. Rc3 Qd8 22. Qc2 g6 23. Rc1 Bc8 24. b3 Bf5 25. Be4 Bd7 26. Bd3 Bg5 27. h4 Bh6 28. Qd1 Rc8 29. Rxc8 Rxc8 30. Rxc8 Qxc8 31. Nc4 Qc5 32. Qe1 Qxd5 33. Be4 Qd4 34. Bg2 Be6 35. Nxa5 Bd2 0-1

[Event "Titled Tuesday intern op 27th Jun Late"]
[Site "Chess.com INT"]
[Date "2023.06.27"]
[Round "4"]
[White "Ladron de Guevara Pinto, Paolo"]
[Black "Andersson, Bjorn2222"]
[Result "1-0"]
[WhiteElo "2404"]
[BlackElo "2165"]
[PlyCount "89"]
[EventDate "2023.06.27"]
[EventType "swiss (blitz)"]
[EventRounds "11"]
[EventCountry "USA"]
[SourceTitle "EXT 2024"]
[Source "ChessBase"]
[SourceDate "2023.10.10"]
[SourceVersion "1"]
[SourceVersionDate "2023.10.10"]
[SourceQuality "1"]

1. e4 c5 2. Nf3 Nc6 3. d3 g6 4. g3 Bg7 5. Bg2 d6 6. 0-0 Bd7 7. c3 Qc8 8. Re1 Bh3 9. Bh1 h5 10. Be3 h4 11. Nxh4 Rxh4 12. gxh4 Ne5 13. f4 Bg4 14. Qd2 Nf3+ 15. Bxf3 Bxf3 16. Qf2 Qg4+ 17. Qg3 Qh5 18. Nd2 Be2 19. Bf2 Nh6 20. h3 Bf6 21. Qe3 Bxh4 22. Rxe2 Bxf2+ 23. Rxf2 0-0-0 24. Qf3 Qh4 25. Kf1 f5 26. Ke2 e5 27. Rg1 Rg8 28. fxe5 dxe5 29. exf5 g5 30. f6 Kb8 31. Ne4 Nf7 32. Qg4 Qh7 33. Qe6 a6 34. c4 Rd8 35. Qb6 Ka8 36. Nxc5 Rb8 37. Nxa6 Rg8 38. Nc5 Qh5+ 39. Rg4 Nd8 40. Nd7 Nc6 41. Nc5 Nd8 42. f7 Rf8 43. Nd7 Nc6 44. Nxf8 Qxh3 45. Re4 1-0

[Event "Titled Tuesday intern op 27th Jun Late"]
[Site "Chess.com INT"]
[Date "2023.06.27"]
[Round "7"]
[White "Ladron de Guevara Pinto, Paolo"]
[Black "Goryachkina, Aleksandra"]
[Result "0-1"]
[WhiteElo "2404"]
[BlackElo "2557"]
[PlyCount "66"]
[EventDate "2023.06.27"]
[EventType "swiss (blitz)"]
[EventRounds "11"]
[EventCountry "USA"]
[SourceTitle "EXT 2024"]
[Source "ChessBase"]
[SourceDate "2023.10.10"]
[SourceVersion "1"]
[SourceVersionDate "2023.10.10"]
[SourceQuality "1"]

1. e4 c6 2. d4 d5 3. exd5 cxd5 4. Bd3 Nc6 5. c3 Nf6 6. Bf4 Bg4 7. Qb3 Qd7 8. Nd2 e6 9. Ngf3 Bd6 10. Ne5 Qc7 11. Bb5 Bh5 12. 0-0 0-0 13. Bxc6 bxc6 14. Rfe1 Rab8 15. Qc2 c5 16. dxc5 Qxc5 17. Bg5 Bxe5 18. Rxe5 Ng4 19. Be3 Nxe3 20. Rxe3 d4 21. Nb3 Rxb3 22. axb3 dxe3 23. fxe3 Qxe3+ 24. Qf2 Qb6 25. b4 Rd8 26. h3 Rd1+ 27. Rxd1 Bxd1 28. Qxb6 axb6 29. Kf2 Kf8 30. Ke3 Ke7 31. Kd4 Kd6 32. c4 e5+ 33. Kc3 f5 0-1

[Event "Titled Tuesday intern op 27th Jun Late"]
[Site "Chess.com INT"]
[Date "2023.06.27"]
[Round "1"]
[White "Rouast, Joseph"]
[Black "Ladron de Guevara Pinto, Paolo"]
[Result "1/2-1/2"]
[WhiteElo "2189"]
[BlackElo "2404"]
[PlyCount "176"]
[EventDate "2023.06.27"]
[EventType "swiss (blitz)"]
[EventRounds "11"]
[EventCountry "USA"]
[SourceTitle "EXT 2024"]
[Source "ChessBase"]
[SourceDate "2023.10.10"]
[SourceVersion "1"]
[SourceVersionDate "2023.10.10"]
[SourceQuality "1"]

1. e4 e6 2. d4 d5 3. Nc3 dxe4 4. Nxe4 Nd7 5. Nf3 Ngf6 6. Bd3 c5 7. Nxf6+ Nxf6 8. Be3 cxd4 9. Nxd4 Be7 10. Qe2 Qa5+ 11. Bd2 Qb6 12. Nb3 0-0 13. 0-0 Qc7 14. Bg5 h6 15. Bh4 Bd7 16. Rad1 Rad8 17. Nd2 Bc6 18. Ne4 Nxe4 19. Bxe7 Nc3 20. Qe1 Qxe7 21. Qxc3 Qg5 22. f3 Rd7 23. Be2 Rfd8 24. Rd3 Rxd3 25. Bxd3 g6 26. Re1 h5 27. Qe5 Qxe5 28. Rxe5 Bd5 29. a3 Kg7 30. Re3 Kf6 31. Be4 Bxe4 32. Rxe4 Rd2 33. Rc4 b5 34. Rc5 a6 35. Rc6 h4 36. h3 Ke5 37. b3 Kf4 38. Kh2 Ke3 39. c4 bxc4 40. Rxc4 Rd3 41. Rxh4 Rxb3 42. Ra4 Rb6 43. Kg3 f6 44. h4 e5 45. Kg4 Rb2 46. g3 f5+ 47. Kg5 Rg2 48. Kxg6 f4 49. Re4+ Kxf3 50. Rxe5 Rxg3+ 51. Rg5 Ke2 52. h5 Rh3 53. Rf5 f3 54. h6 f2 55. Re5+ Kd2 56. Rf5 Ke3 57. h7 Ke2 58. Re5+ Kd2 59. Rf5 Ke1 60. Re5+ Kd2 61. Rf5 Ke2 62. Re5+ Re3 63. Rxe3+ Kxe3 64. h8Q f1Q 65. Qc3+ Ke4 66. Qc6+ Kd4 67. Qb6+ Kc3 68. Qb4+ Kc2 69. Qa4+ Kb2 70. Qb4+ Ka2 71. a4 Qd3+ 72. Kf6 Qb3 73. Qa5 Qb7 74. Ke5 Ka3 75. Kd6 Qb4+ 76. Qxb4+ Kxb4 77. a5 Kxa5 78. Kc5 Ka4 79. Kc4 Ka3 80. Kc3 Ka2 81. Kc2 a5 82. Kc1 a4 83. Kc2 a3 84. Kc1 Ka1 85. Kc2 Ka2 86. Kc1 Kb3 87. Kb1 a2+ 88. Ka1 Ka3 1/2-1/2

[Event "Titled Tuesday intern op 20th Jun Late"]
[Site "Chess.com INT"]
[Date "2023.06.20"]
[Round "7"]
[White "Janaszak, Dawid"]
[Black "Ladron de Guevara Pinto, Paolo"]
[Result "0-1"]
[WhiteElo "2316"]
[BlackElo "2404"]
[PlyCount "110"]
[EventDate "2023.06.20"]
[EventType "swiss (blitz)"]
[EventRounds "11"]
[EventCountry "USA"]
[SourceTitle "EXT 2024"]
[Source "ChessBase"]
[SourceDate "2023.10.10"]
[SourceVersion "1"]
[SourceVersionDate "2023.10.10"]
[SourceQuality "1"]

1. e4 c5 2. Nc3 a6 3. d4 cxd4 4. Qxd4 Nc6 5. Qd2 g6 6. b3 Bh6 7. f4 Nf6 8. Bb2 e5 9. g3 0-0 10. 0-0-0 d6 11. Kb1 Bg4 12. Be2 Nd4 13. Bxg4 Nxg4 14. h3 Nf6 15. Qf2 Rc8 16. Nf3 Rxc3 17. Nxd4 exd4 18. Qxd4 Rxg3 19. e5 Nh5 20. Qf2 d5 21. f5 Be3 22. Qf1 d4 23. c3 Qg5 24. fxg6 Qxg6+ 25. Ka1 dxc3 26. Bxc3 Bh6 27. Bb2 Bg7 28. Qe1 Re8 29. Rf1 Rg5 30. Rd5 Qe6 31. Qd1 Ng3 32. Re1 Nf5 33. h4 Rg2 34. Bc3 Rg3 35. Bb2 b5 36. h5 Ne3 37. Qd3 Nxd5 38. Qxg3 Kf8 39. Bd4 Ne7 40. Rf1 Nf5 41. Bc5+ Kg8 42. Qg1 Qxe5+ 43. Bd4 Qxd4+ 44. Qxd4 Bxd4+ 45. Kb1 Ne3 46. Rf4 Be5 47. Re4 Nd5 48. Kc2 f5 49. Re1 f4 50. Rg1+ Kf7 51. Kd3 Kf6 52. h6 Bd6 53. Rg7 f3 54. Rd7 Re6 55. Rd8 f2 0-1

[Event "Titled Tuesday intern op 20th Jun Late"]
[Site "Chess.com INT"]
[Date "2023.06.20"]
[Round "11"]
[White "Ladron de Guevara Pinto, Paolo"]
[Black "Bryakin, Mikhail"]
[Result "0-1"]
[WhiteElo "2404"]
[BlackElo "2451"]
[PlyCount "106"]
[EventDate "2023.06.20"]
[EventType "swiss (blitz)"]
[EventRounds "11"]
[EventCountry "USA"]
[SourceTitle "EXT 2024"]
[Source "ChessBase"]
[SourceDate "2023.10.10"]
[SourceVersion "1"]
[SourceVersionDate "2023.10.10"]
[SourceQuality "1"]

1. Nf3 c6 2. g3 g6 3. Bg2 Bg7 4. 0-0 Nf6 5. d3 0-0 6. e4 d5 7. Qe2 b6 8. e5 Ne8 9. h4 h5 10. c4 Bg4 11. Nc3 d4 12. Nb1 f6 13. exf6 exf6 14. Bf4 Nd6 15. Qc2 Nf7 16. Re1 Na6 17. a3 Rc8 18. b4 c5 19. b5 Nc7 20. a4 Ne6 21. Bd2 Bf5 22. a5 Qc7 23. axb6 axb6 24. Nh2 Rfe8 25. Bd5 Kh7 26. Qd1 Ne5 27. Bxe6 Rxe6 28. Bf4 Rce8 29. Nd2 Bxd3 30. Bxe5 fxe5 31. Nhf3 Bf6 32. Ne4 Bxc4 33. Neg5+ Bxg5 34. Nxg5+ Kg7 35. Nxe6+ Rxe6 36. Qc1 Bd5 37. Qg5 Qe7 38. Qxe7+ Rxe7 39. Ra6 Re6 40. Rea1 c4 41. Ra7+ Kf6 42. Re1 c3 43. Rd7 Bc4 44. f4 d3 45. fxe5+ Rxe5 46. Rd6+ Kf5 47. Rf1+ Ke4 48. Rdf6 d2 49. R6f4+ Kd5 50. Rd1 Bb3 51. Rf3 Bxd1 52. Rxc3 Kd4 53. Rc2 Bxc2 0-1

[Event "Titled Tuesday intern op 20th Jun Late"]
[Site "Chess.com INT"]
[Date "2023.06.20"]
[Round "2"]
[White "Navia Alvarez, Edwin Adrian"]
[Black "Ladron de Guevara Pinto, Paolo"]
[Result "1-0"]
[WhiteElo "2053"]
[BlackElo "2404"]
[PlyCount "73"]
[EventDate "2023.06.20"]
[EventType "swiss (blitz)"]
[EventRounds "11"]
[EventCountry "USA"]
[SourceTitle "EXT 2024"]
[Source "ChessBase"]
[SourceDate "2023.10.10"]
[SourceVersion "1"]
[SourceVersionDate "2023.10.10"]
[SourceQuality "1"]

1. d4 d6 2. c4 e5 3. Nc3 Be7 4. Nf3 exd4 5. Nxd4 Nf6 6. e4 0-0 7. Bd3 Nc6 8. Nxc6 bxc6 9. 0-0 Re8 10. f4 Nd7 11. Qf3 Rb8 12. b3 Bf6 13. Bb2 Bd4+ 14. Kh1 Qf6 15. Rac1 Nc5 16. Bb1 Qh4 17. h3 f5 18. e5 dxe5 19. fxe5 Rxe5 20. Nd1 Bxb2 21. Nxb2 Ne4 22. Kh2 c5 23. Nd3 Re8 24. Rce1 Bb7 25. Qf4 Qxf4+ 26. Nxf4 g6 27. g4 Nd2 28. Rxe8+ Rxe8 29. Rd1 Nxb1 30. Rxb1 g5 31. Nh5 Re2+ 32. Kg1 f4 33. a4 a5 34. Rd1 Rg2+ 35. Kf1 Rh2 36. Rd3 Be4 37. Nf6+ 1-0

[Event "ITA-chT GpB playoff 54th"]
[Site "Bacoli"]
[Date "2023.04.30"]
[Round "1"]
[White "Ladron de Guevara Pinto, Paolo"]
[Black "Lumachi, Gabriele"]
[Result "1-0"]
[WhiteElo "2403"]
[BlackElo "2357"]
[PlyCount "121"]
[EventDate "2023.04.30"]
[EventType "team-tourn"]
[EventRounds "4"]
[EventCountry "ITA"]
[SourceTitle "CBM 213 Extra"]
[Source "ChessBase"]
[SourceDate "2023.05.31"]
[SourceVersion "1"]
[SourceVersionDate "2023.05.31"]
[SourceQuality "1"]
[WhiteTeam "WorldtradingLab"]
[BlackTeam "Arrocco"]
[WhiteTeamCountry "ITA"]
[BlackTeamCountry "ITA"]

1. e4 e5 2. Nf3 Nf6 3. Nxe5 d6 4. Nf3 Nxe4 5. Bd3 Nf6 6. 0-0 Be7 7. h3 0-0 8. Re1 d5 9. b3 Nbd7 10. Nc3 Nc5 11. Bf1 Nfe4 12. Ne2 Bh4 13. g3 Nxf2 14. Kxf2 Ne4+ 15. Kg1 Qf6 16. Bg2 Bxg3 17. Nxg3 Qxa1 18. Nxe4 dxe4 19. Rxe4 Bf5 20. Re5 Bg6 21. a4 Rfe8 22. Rxe8+ Rxe8 23. d3 Bh5 24. Kf2 h6 25. Qd2 Re6 26. d4 c6 27. c4 Qb1 28. d5 cxd5 29. cxd5 Re8 30. Bb2 Rc8 31. Nd4 Qg6 32. Bc3 Rd8 33. Qe3 Qf6+ 34. Kg1 Qg6 35. Kh2 Qd6+ 36. Qg3 Qxg3+ 37. Kxg3 Bg6 38. Kf4 Kf8 39. Nb5 a6 40. Bb4+ Kg8 41. Nd6 Bc2 42. Nxb7 g5+ 43. Kg3 Rb8 44. d6 Bxb3 45. d7 Bxa4 46. d8Q+ Rxd8 47. Nxd8 f5 48. Bd5+ Kh7 49. Bc3 h5 50. Ne6 h4+ 51. Kg2 g4 52. Bf6 Kg6 53. Bxh4 gxh3+ 54. Kxh3 f4 55. Kg4 Bd1+ 56. Kxf4 a5 57. Be4+ Kf7 58. Ke5 a4 59. Bf6 Ke8 60. Kd6 Kf7 61. Bc3 1-0

[Event "ITA-chT GpA 54th"]
[Site "Bacoli"]
[Date "2023.04.29"]
[Round "7"]
[White "Basso, Pier Luigi"]
[Black "Ladron de Guevara Pinto, Paolo"]
[Result "1-0"]
[WhiteElo "2506"]
[BlackElo "2403"]
[PlyCount "131"]
[EventDate "2023.04.25"]
[EventType "team-tourn"]
[EventRounds "7"]
[EventCountry "ITA"]
[SourceTitle "CBM 213 Extra"]
[Source "ChessBase"]
[SourceDate "2023.05.31"]
[SourceVersion "1"]
[SourceVersionDate "2023.05.31"]
[SourceQuality "1"]
[WhiteTeam "Costa Smeralda Arzachess"]
[BlackTeam "WorldtradingLab"]
[WhiteTeamCountry "ITA"]
[BlackTeamCountry "ITA"]

1. d4 Nf6 2. c3 b6 3. Nf3 Bb7 4. Bf4 g6 5. h3 Bg7 6. e3 0-0 7. Be2 d6 8. 0-0 Nbd7 9. Bh2 Qe8 10. a4 a5 11. Bb5 e6 12. Nbd2 Qe7 13. Qc2 e5 14. e4 Rfd8 15. d5 Rdc8 16. Bg3 h6 17. Bh4 g5 18. Bg3 Nh5 19. Qd1 Nf4 20. Bxf4 gxf4 21. Bxd7 Qxd7 22. Nh4 Kh7 23. Nf5 Rg8 24. Qh5 Bf8 25. Nf3 Rg6 26. N5h4 Bc8 27. Nf5 Qd8 28. g4 Bd7 29. Kh2 Be8 30. Qh4 f6 31. Nd2 Qc8 32. f3 Qa6 33. c4 Bd7 34. Qf2 Re8 35. b3 Be7 36. Nb1 Bd8 37. Nc3 Rh8 38. Qb2 Kg8 39. Rg1 Kf8 40. Qd2 Rg5 41. h4 Rgg8 42. Nb5 Qc8 43. h5 Rg5 44. Rg2 Be7 45. b4 axb4 46. Qxb4 Rhg8 47. Qd2 Bxf5 48. exf5 Bd8 49. Nc3 Qa6 50. Qd3 R5g7 51. Ne4 Rd7 52. Qb3 Kf7 53. Qb5 Qxb5 54. cxb5 Be7 55. a5 bxa5 56. Rxa5 Rb8 57. Nc3 Rdd8 58. Ra7 Rdc8 59. Rga2 Bd8 60. R2a6 Ke8 61. Kg2 Rb6 62. Kf1 Rcb8 63. Ra5 R6b7 64. Rxb7 Rxb7 65. Ra8 Rb6 66. Ke2 1-0

[Event "Benalmadena Rapid op 1st"]
[Site "Benalmadena"]
[Date "2023.02.26"]
[Round "7"]
[White "Grigoryan, Karen H"]
[Black "Ladron de Guevara Pinto, Paolo"]
[Result "1-0"]
[WhiteElo "2621"]
[BlackElo "2401"]
[PlyCount "101"]
[EventDate "2023.02.25"]
[EventType "swiss (rapid)"]
[EventRounds "9"]
[EventCountry "ESP"]
[SourceTitle "CBM 212 Extra"]
[Source "ChessBase"]
[SourceDate "2023.03.31"]
[SourceVersion "1"]
[SourceVersionDate "2023.03.31"]
[SourceQuality "1"]

1. d4 Nf6 2. c4 e6 3. Nc3 Bb4 4. e3 0-0 5. Bd3 d5 6. Nf3 b6 7. cxd5 exd5 8. Bd2 Bb7 9. Rc1 a6 10. 0-0 Re8 11. Ne5 Bd6 12. f4 c5 13. Rf3 cxd4 14. exd4 Nbd7 15. Rh3 Nf8 16. Qb3 Rc8 17. Rf1 Re7 18. Be1 Ng6 19. Bh4 Nxh4 20. Rxh4 Ne4 21. Nxd5 Rxe5 22. fxe5 Qxh4 23. Nxb6 Ng5 24. Nxc8 Qxd4+ 25. Kh1 Bd5 26. Qc3 Qg4 27. Qd2 Bb4 28. Bxh7+ Kxh7 29. Qxd5 Qxc8 30. e6 f6 31. h4 Qxe6 32. Qxe6 Nxe6 33. Rc1 a5 34. a3 Bd2 35. Rc6 Nf4 36. g3 Ng6 37. Kg2 Ne5 38. Rc2 Be3 39. b4 axb4 40. axb4 Kg6 41. b5 Kf5 42. Rc7 g6 43. Kh3 Ke4 44. g4 Kf3 45. h5 gxh5 46. gxh5 Nd3 47. Rc3 Nf4+ 48. Kh4 Ng2+ 49. Kh3 Nf4+ 50. Kh2 Nxh5 51. b6 1-0

[Event "Benalmadena Rapid op 1st"]
[Site "Benalmadena"]
[Date "2023.02.26"]
[Round "9"]
[White "Sosa, Tomas Sebastian"]
[Black "Ladron de Guevara Pinto, Paolo"]
[Result "1-0"]
[WhiteElo "2540"]
[BlackElo "2401"]
[PlyCount "51"]
[EventDate "2023.02.25"]
[EventType "swiss (rapid)"]
[EventRounds "9"]
[EventCountry "ESP"]
[SourceTitle "EXT 2024"]
[Source "ChessBase"]
[SourceDate "2023.10.10"]
[SourceVersion "1"]
[SourceVersionDate "2023.10.10"]
[SourceQuality "1"]

1. e4 e5 2. Nf3 Nc6 3. Bc4 Bc5 4. d3 Nf6 5. Nbd2 0-0 6. 0-0 d6 7. c3 a5 8. Bb5 Ba7 9. h3 Ne7 10. Re1 Ng6 11. Nf1 c6 12. Ba4 Nh5 13. d4 Nhf4 14. Bxf4 exf4 15. Bb3 Bd7 16. N1d2 Qc7 17. Ng5 h6 18. Qh5 hxg5 19. Nf3 d5 20. Nxg5 Rfe8 21. exd5 a4 22. d6 Rxe1+ 23. Rxe1 axb3 24. dxc7 bxa2 25. Ra1 Bb6 26. Qe2 1-0

[Event "Benalmadena Rapid op 1st"]
[Site "Benalmadena"]
[Date "2023.02.25"]
[Round "2"]
[White "Ladron de Guevara Pinto, Paolo"]
[Black "Cobo Montejo, Miguel Angel"]
[Result "1-0"]
[WhiteElo "2401"]
[BlackElo "2002"]
[PlyCount "36"]
[EventDate "2023.02.25"]
[EventType "swiss (rapid)"]
[EventRounds "9"]
[EventCountry "ESP"]
[SourceTitle "EXT 2024"]
[Source "ChessBase"]
[SourceDate "2023.10.10"]
[SourceVersion "1"]
[SourceVersionDate "2023.10.10"]
[SourceQuality "1"]

1. e4 c5 2. Nf3 d6 3. c3 Nf6 4. Be2 g6 5. 0-0 Bg7 6. Re1 0-0 7. Bf1 Nc6 8. d4 cxd4 9. cxd4 Bg4 10. d5 Ne5 11. Nbd2 Nfd7 12. h3 Nxf3+ 13. Nxf3 Bxf3 14. Qxf3 Qa5 15. Rd1 Ne5 16. Qb3 Qc7 17. Bg5 Rfc8 18. Rac1 Qd7 1-0

[Event "Roquetas de Mar op 34th"]
[Site "Roquetas de Mar"]
[Date "2023.01.08"]
[Round "9"]
[White "Fier, Alexandr"]
[Black "Ladron de Guevara Pinto, Paolo"]
[Result "1/2-1/2"]
[WhiteElo "2602"]
[BlackElo "2405"]
[PlyCount "245"]
[EventDate "2023.01.03"]
[EventType "swiss"]
[EventRounds "9"]
[EventCountry "ESP"]
[SourceTitle "CBM 212 Extra"]
[Source "ChessBase"]
[SourceDate "2023.03.31"]
[SourceVersion "1"]
[SourceVersionDate "2023.03.31"]
[SourceQuality "1"]

1. e4 e5 2. Nf3 Nc6 3. Bc4 Bc5 4. d3 Nf6 5. Bg5 h6 6. Bh4 Be7 7. Bg3 d6 8. a4 a5 9. h3 Be6 10. Nbd2 0-0 11. 0-0 Nh7 12. Bxe6 fxe6 13. c3 Ng5 14. Nh2 Nf7 15. Qb3 Qd7 16. Rad1 b6 17. Rfe1 Nh8 18. Qb5 Rad8 19. Nhf3 Ng6 20. h4 Bf6 21. Nc4 Qe8 22. Ne3 Rf7 23. Qc4 Nf8 24. Nc2 Nb8 25. d4 exd4 26. cxd4 Qc6 27. Qb3 d5 28. exd5 Qxd5 29. Qa3 Nc6 30. Ne3 Qh5 31. Qc3 Nb4 32. Be5 Nd5 33. Nxd5 Rxd5 34. Bxf6 gxf6 35. Rd3 Rg7 36. Rde3 Qe8 37. b3 Qd7 38. Re4 h5 39. g3 Qd6 40. Kf1 b5 41. Qxa5 bxa4 42. Qxa4 Rf5 43. Kg2 Qd5 44. Qc4 Rg4 45. Qxd5 Rxd5 46. R4e3 c5 47. dxc5 Rxc5 48. Ra1 Rc7 49. Nd2 Rb4 50. Ra5 f5 51. Ra8 Kg7 52. Rd3 f4 53. Ra5 Kh6 54. Nc4 fxg3 55. fxg3 Rcb7 56. Rf3 Nh7 57. Nd6 R7b6 58. Nf7+ Kg7 59. Ng5 Nf6 60. Ra7+ Kg6 61. Nf7 Rb7 62. Ne5+ Kg7 63. Rxb7+ Rxb7 64. Nc4 Ng4 65. Rc3 Kf6 66. Kf3 e5 67. Ke2 Ke6 68. Nd2 Nf6 69. Rc6+ Kf5 70. Nc4 Rxb3 71. Ne3+ Kg6 72. g4 hxg4 73. Nxg4 Kh5 74. Nxf6+ Kxh4 75. Ne4 Kg4 76. Rf6 Ra3 77. Rf8 Ra4 78. Nf2+ Kg5 79. Nd3 e4 80. Nc5 Ra3 81. Nxe4+ Kg6 82. Nc5 Kg7 83. Rf1 Kg6 84. Nd3 Kg7 85. Ke3 Ra4 86. Nc5 Rb4 87. Ne6+ Kg6 88. Nd4 Rc4 89. Ke4 Ra4 90. Rf4 Ra5 91. Rf8 Ra4 92. Rc8 Kg5 93. Rc6 Kh5 94. Ke5 Kg5 95. Rc5 Kg4 96. Nf5 Ra8 97. Nd6 Kf3 98. Rc3+ Kg4 99. Rc4+ Kf3 100. Rf4+ Ke3 101. Rb4 Kf3 102. Rb3+ Kg4 103. Nc4 Re8+ 104. Kd4 Ra8 105. Ke4 Ra4 106. Rc3 Ra1 107. Ne5+ Kg5 108. Rg3+ Kf6 109. Rg6+ Ke7 110. Nc6+ Kf7 111. Rd6 Re1+ 112. Kd5 Rd1+ 113. Nd4 Ra1 114. Rb6 Rd1 115. Ra6 Ke7 116. Re6+ Kf7 117. Re4 Ra1 118. Rf4+ Kg6 119. Nc6 Kg5 120. Re4 Kf6 121. Re6+ Kf5 122. Nd4+ Kg5 123. Ke4 1/2-1/2

[Event "Roquetas de Mar op 34th"]
[Site "Roquetas de Mar"]
[Date "2023.01.07"]
[Round "8"]
[White "Ladron de Guevara Pinto, Paolo"]
[Black "Sai Agni, Jeevitesh J"]
[Result "1-0"]
[WhiteElo "2405"]
[BlackElo "2271"]
[PlyCount "43"]
[EventDate "2023.01.03"]
[EventType "swiss"]
[EventRounds "9"]
[EventCountry "ESP"]
[SourceTitle "CBM 212 Extra"]
[Source "ChessBase"]
[SourceDate "2023.03.31"]
[SourceVersion "1"]
[SourceVersionDate "2023.03.31"]
[SourceQuality "1"]

1. e4 e5 2. Nf3 Nc6 3. Bb5 a6 4. Ba4 Nge7 5. 0-0 Ng6 6. d4 exd4 7. Nxd4 Nxd4 8. Qxd4 b5 9. Bb3 Bb7 10. Rd1 Qe7 11. c4 Qd6 12. Qxd6 Bxd6 13. cxb5 axb5 14. Nc3 Bc6 15. Be3 0-0 16. Nd5 Rfe8 17. f3 b4 18. Rac1 Ne7 19. Nb6 cxb6 20. Rxd6 Nf5 21. Rd3 Bb5 22. Rd5 1-0

[Event "Elllobregat op 3rd"]
[Site "Sant Boi de Llobregat"]
[Date "2022.12.08"]
[Round "9"]
[White "Ladron de Guevara Pinto, Paolo"]
[Black "Cheparinov, Ivan"]
[Result "0-1"]
[WhiteElo "2409"]
[BlackElo "2694"]
[PlyCount "114"]
[EventDate "2022.11.30"]
[EventType "swiss"]
[EventRounds "9"]
[EventCountry "ESP"]
[SourceTitle "CBM 211 Extra"]
[Source "ChessBase"]
[SourceDate "2023.01.31"]
[SourceVersion "1"]
[SourceVersionDate "2023.01.31"]
[SourceQuality "1"]

1. e4 c5 2. Nf3 d6 3. d4 cxd4 4. Nxd4 Nf6 5. Nc3 a6 6. Be3 e5 7. Nb3 Be7 8. f3 Be6 9. Qd2 h5 10. Nd5 Nxd5 11. exd5 Bf5 12. Be2 a5 13. a4 0-0 14. 0-0 Nd7 15. f4 exf4 16. Bxf4 Rc8 17. c3 Nf6 18. Bf3 Re8 19. Rfe1 Bg6 20. Qe2 Qb6+ 21. Nd4 Rc5 22. Qf2 Nxd5 23. Bxd5 Rxd5 24. Re3 f6 25. Rae1 Re5 26. Bxe5 dxe5 27. Rg3 Kh7 28. Rxg6 Kxg6 29. Qf5+ Kh6 30. Qd7 Qd8 31. Nf5+ Kg5 32. h4+ Kg6 33. Nxe7+ Qxe7 34. Qb5 e4 35. Re3 Qe5 36. Qxb7 Qf4 37. Qb6 Rb8 38. Qd4 f5 39. g3 Qc7 40. Qd2 Qb6 41. Kf1 Rd8 42. Qf2 Qa6+ 43. Kg2 Qd6 44. Re2 Qd3 45. Kh2 Rd5 46. Kg2 Kh7 47. Kh2 Kg8 48. Re1 Qc4 49. Qf4 Qxa4 50. Re2 Qd1 51. Rg2 Qg4 52. Qb8+ Kh7 53. c4 Rd1 54. b3 e3 55. Qe5 Qf3 56. Qf4 Qxf4 57. gxf4 Rd2 0-1

[Event "ESP-chT CECLUB Div1"]
[Site "Sanxenxo"]
[Date "2022.09.21"]
[Round "5.1"]
[White "Franco Alonso, Alejandro"]
[Black "Ladron de Guevara Pinto, Paolo"]
[Result "0-1"]
[WhiteElo "2432"]
[BlackElo "2429"]
[PlyCount "76"]
[EventDate "2022.09.17"]
[EventType "team-tourn"]
[EventRounds "7"]
[EventCountry "ESP"]
[SourceTitle "CBM 210 Extra"]
[Source "ChessBase"]
[SourceDate "2022.11.30"]
[SourceVersion "1"]
[SourceVersionDate "2022.11.30"]
[SourceQuality "1"]
[WhiteTeam "Taldea Gros Xake"]
[BlackTeam "Oromana CEN Solutions"]
[WhiteTeamCountry "ESP"]
[BlackTeamCountry "ESP"]

1. Nf3 Nf6 2. g3 g6 3. b3 Bg7 4. Bb2 d5 5. c4 c6 6. Bg2 0-0 7. 0-0 a5 8. Na3 Na6 9. d3 Re8 10. Qb1 Bg4 11. Re1 Bxf3 12. Bxf3 e5 13. Bg2 Qd7 14. cxd5 cxd5 15. Rc1 b5 16. d4 e4 17. e3 b4 18. Nc2 Bf8 19. a3 Nc7 20. axb4 axb4 21. Ne1 Rxa1 22. Bxa1 Bd6 23. Qc2 Qf5 24. Qe2 h5 25. h3 Ne6 26. Rc6 Bb8 27. Qb5 Kg7 28. Bb2 Rh8 29. Rb6 Ng5 30. h4 Ng4 31. Qe2 Ne6 32. Bh3 g5 33. Ng2 Rc8 34. Ra6 gxh4 35. Nxh4 Qg5 36. Ra1 Bxg3 37. fxg3 Nxe3 38. Ng2 Rc2 0-1